Química orgánica
Salvato in:
| Autore principale: | |
|---|---|
| Natura: | Libro |
| Lingua: | spagnolo |
| Pubblicazione: |
Madrid
Alhambra
1960
|
| Soggetti: | |
| Tags: |
Aggiungi Tag
Nessun Tag, puoi essere il primo ad aggiungerne!!
|
MARC
| LEADER | 00000nam a2200000 a 4500 | ||
|---|---|---|---|
| 001 | UCU3579 | ||
| 003 | CL-VaPUC | ||
| 008 | 960510e19600000SP |||||||||||||||||spa|d | ||
| 082 | 0 | 4 | |a 547 |b FIN |2 21 |
| 100 | 0 | |a Finar, I. L |e author |9 360594 | |
| 245 | 1 | 0 | |a Química orgánica |
| 300 | |a v | ||
| 942 | |c BK | ||
| 945 | |d 19960510 00:00:00 |a cmena | ||
| 260 | |a Madrid |b Alhambra |c 1960 | ||
| 500 | |a v.1: Principios fundamentales | ||
| 650 | 0 | |a Química orgánica |9 259426 | |
| 650 | 7 | |a PRODUCTOS QUIMICOS ORGANICOS |2 CL-VaPUC |9 344420 | |
| 650 | 0 | |a Reacciones químicas |9 259438 | |
| 583 | |a last modification |c 19960510 00:00:00 |k Rodrigo Vera | ||
| 999 | |c 247533 |d 247531 | ||